Count Your Blessing / (Record no. 202948)

MARC details
000 -LEADER
fixed length control field 00513 a2200193 4500
005 - DATE AND TIME OF LATEST TRANSACTION
control field 20240517135959.0
010 ## - LCCN (DPL NO)
LC control number B-759086
020 ## - INTERNATIONAL STANDARD BOOK NUMBER
International Standard Book Number 9788131908815
Terms of availability 90.00
035 ## - SYSTEM CONTROL NUMBER
System control number B-759086
037 ## - SOURCE OF ACQUISITION
Source of stock number/acquisition Gift/10.5.24
082 ## - DEWEY DECIMAL CLASSIFICATION NUMBER
Classification number S
100 ## - MAIN ENTRY--PERSONAL NAME
Personal name Barnett, Stephen
245 ## - TITLE STATEMENT
Title Count Your Blessing /
Statement of responsibility, etc Stephen Barnett,
260 ## - PUBLICATION, DISTRIBUTION, ETC. (IMPRINT)
Place of publication, distribution, etc New Delhi
Name of publisher, distributor, etc Pegasus
Date of publication, distribution, etc 2023
270 ## - ADDRESS
Address New Delhi
300 ## - PHYSICAL DESCRIPTION
Extent 32 p.
Dimensions 21cm (Pb)
942 ## - ADDED ENTRY ELEMENTS (KOHA)
Institution code [OBSOLETE] dpl
Item type Children Books
Source of classification or shelving scheme Dewey Decimal Classification
Classification part S
Call number suffix BAR
Holdings
Withdrawn status Lost status Not for loan Collection code Home library Current library Date acquired Source of acquisition Cost, normal purchase price Full call number Barcode Copy number Cost, replacement price Koha item type Public note
      Fiction Ashok Vihar Ashok Vihar 17/05/2024 Gift/10.5.24 90.00 S BAR B-759086 1 90.00 Children Books Gift

© Delhi Public Library
Hit Counter
free hit counter